| 000 | 03486nam a2200529Ia 4500 | ||
|---|---|---|---|
| 001 | 2546 | ||
| 008 | 241029s9999 xx 000 0 und d | ||
| 010 | _a2392 | ||
| 041 | _aEspañol | ||
| 082 | _aMAPE 01-011, | ||
| 245 | 0 | _aDiseño de los instrumentos de la política de pasantías en la Educación Técnico-Profesional. | |
| 260 | _aSanto Domingo | ||
| 300 | _a84 | ||
| 520 | _a35 | ||
| 630 | _aDiseño | ||
| 630 | _aEducación | ||
| 650 | _aFormación Técnico Profesional | ||
| 690 | _aElaborado | ||
| 700 |
_easesor _ade los Santos, Saturnino |
||
| 700 |
_eautor _aCastillo Corporán, Felipe |
||
| 901 |
_a{"1":"Castillo Corporán"} _b{"1":"Felipe "} |
||
| 902 | _a1 | ||
| 903 |
_a{"1":"de los Santos"} _b{"1":"Saturnino"} |
||
| 904 | _aMagíster en | ||
| 905 | _aAdministración y Planificación de la Educación | ||
| 906 | _a2 | ||
| 907 | _aNO APLICA | ||
| 908 | _aNO APLICA | ||
| 909 | _aPontificia Universidad Católica Madre y Maestra (PUCMM), Recinto Santo Tomás de Aquino | ||
| 910 |
_aNULL _bNULL |
||
| 911 | _a["1"] | ||
| 912 | _aNO APLICA | ||
| 913 | _aNULL | ||
| 914 | _a01 de Noviembre de 2001 | ||
| 915 | _a04/12/19 10:12 | ||
| 916 | _aNULL | ||
| 917 | _aNULL | ||
| 918 | _aNO APLICA | ||
| 919 | _a["224","72"] | ||
| 520 |
_aDiseño de los instrumentos de la Política de Pasantías en la Educación Técnico-Profesional. Contribuir al mejoramiento de la eficiencia interna y externa de la educación para el trabajo, a través de la participación activa de los diferentes actores del subsistema en los procesos inherentes a las pasantías, a la formulación de perfiles, planes de estudio, formación docente, apoyo tecnológico y financiero y de inserción de los egresados en el mercado de trabajo.Objetivos Generales: Incrementar el capital humano del país a través de la formación de la población joven y adulta de baja escolaridad y de su inserción a la producción, elevando sus condiciones de vida e integrándolos en los procesos de transferencia de tecnología y de mejoramiento continuo. Del Proyecto: dotar a la Secretaria de Educación. Y a las demás, instituciones que integran el sub-sistema de la Educación para el trabajo, de una estructura técnico-administrativa para la regulación, certificación y convalidación de la oferta de formación profesional no formal.Entre los objetivos específicos están: ofrecer a los jóvenes y adultos, programas de enseñanza modular que les permita lograr un mayor desarrollo de sus potencialidades técnico-vocacionales. Propiciar un desarrollo personal dirigido a la producción en el tiempo y la calidad exigidos, atendiendo a la reducción de los costos.Población beneficiaria: Cincuenta mil (50,000) personas jóvenes y adultas de ambos sexos (y sus dependientes actuales y potenciales) que no han recibido y/o completado la Educación Básica.Resultados esperados: entre los resultados esperados están: la integración de cincuenta mil (50,000) personas jóvenes y adultas en el mercado de trabajo (formal e informal), con competencias en distintos oficios y ocupaciones. Creación de una estructura técnico-administrativa que diseñe y ponga en marcha un programa de Educación Continuada Basada en Competencias.Costo: once millones ciento catorce mil novecientos veintinueve con 80/100 (RD _11,114,929.80)Duración: 3 años |
||
| 921 | _a16 | ||
| 922 | _a16 | ||
| 923 | _a0 | ||
| 924 | _aNO APLICA | ||
| 942 | _cTesis | ||
| 999 |
_c2392 _d2392 |
||